000 02110cam a22003018i 4500
001 125295
005 20230410130811.0
008 160310s2016 mau b 001 0beng c
020 _a9780674737952
_q(alk. paper)
040 _aMH/DLC
_beng
_cMH
_erda
_dDLC
041 1 _aeng
_hfre
042 _apcc
050 1 4 _aPQ 2247
_bW776f 2016
082 0 0 _a843
100 1 _aWinock, Michel.
240 1 0 _aFlaubert.
_lEnglish
245 1 0 _aFlaubert /
_cMichel Winock ; translated by Nicholas Elliott.
260 _aCambridge, Massachusetts :
_bThe Belknap Press of Harvard University Press,
_c2016.
300 _a549 ;
_c23 cm.
500 _a"This book was originally published as Flaubert, (c) Editions Gallimard, Paris, 2013"--Title page verso.
520 _aMichel Winock situates Flaubert in France's century of great democratic transition. Wary of the masses, Flaubert rejected universal suffrage, but above all he hated the vulgar, ignorant bourgeoisie, a class that embodied every vice of the democratic age. His loathing became a fixation--and a source of literary inspiration.--
_cProvided by publisher
504 _aIncludes bibliographical references and index.
505 0 _aThe time and the place -- "Oh! to write" -- To love -- A change of direction -- Death on the horizon -- Louise -- 1848 -- A longing for the Orient -- From the Pyramids to the Sublime Porte -- Louise (last and final) -- Emma -- Fame -- Life in Paris -- Salammbo -- Caroline's marriage -- The hermit in white gloves -- Monseigneur -- Frederic is not me -- Frederic is us -- Cold shower -- George Sand and the old troubadour -- War! -- The Paris Commune -- "The being i loved most" -- The ups and downs of melancholy -- Financial ruin and bereavement -- "Blue sky ahead!" -- "Everything infuriates and weighs upon me" -- Post mortem -- Sketches for a portrait.
600 1 0 _aFlaubert, Gustave,
_d1821-1880.
650 0 _aNovelists, French
_y19th century
_vBiography.
765 0 8 _iTranslation of:
_aWinock, Michel.
_tFlaubert.
_d[Paris] : Gallimard, [2013]
_z9782070133482
_w(DLC) 2012552685
_w(OCoLC)830378288
942 _2lcc
_cbk
999 _c80597
_d80597